000 00574cam a22002053a 4500
001 39434
003 PGUSA
005 20140828083857.0
008 120412s2012||||xxu|||||s|||||000 | eng d
040 _aPGUSA
_beng
042 _adc
100 1 _aMatthews, Brander,
_d1852-1929
245 1 0 _aVistas of New York
_h[electronic resource] /
_cBrander Matthews
260 _bProject Gutenberg,
_c2012
506 _aPublic domain in the USA.
516 _aElectronic text
830 0 _aProject Gutenberg
_v39434
856 4 0 _uhttp://www.gutenberg.org/ebooks/39434
942 _cEB
999 _c268687
_d268687